000 00836nam a22002777a 4500
003 CHAP
005 20220329135345.0
008 971013s1963 r 00010 d
010 _a34964
011 _a35936
035 _a40054
040 _cCHAP
082 _a331.02672
_bM4
110 _aMéxico. Leyes, decretos, etc.
_977071
245 _aLegislación sobre trabajo
250 _a7 ed.
260 _aMéxico, D.F. :
_bEds. Andrade,
_c1963
300 _a4 v
505 _aContenido: v.1-3 Legislación sobre trabajo.- v.4 Apéndice al tomo primero de la legislación sobre trabajo
590 _aBATCH-UPD
_b10
_c20130110
_lUCH01
_h1646
590 _aCONVERSION
_b10
_c20130109
_lUCH01
_h1320
650 1 4 _aDerecho laboral.
_931890
901 _aBK
942 _cLIBRO
949 _a331.02672 M4
_bBC
_cC
_d-91509
_eC
_i40054
_mD
_si
999 _c34964
_d34964